000 00373nam a2200133Ia 4500
008 230917s9999||||xx |||||||||||||| ||und||
040 _e93482
_aMAIN
041 _aEnglish
082 _a610 A85P
100 _aAhuja, Jagjit
245 0 _aPattern of insulin secretion after glucose load and mixed meal load in diabetes mellitus in Haryana
300 _a100 p.
942 _cTH
999 _c40754
_d40754